000 00319nam a22001337a 4500
008 170504b xxu||||| |||| 00| 0 eng d
020 _a9781422461402
041 _aeng
080 _27 ED
_a34
100 _a13
101 _aSHJ
245 _aCORRECTIONAL COUNSELING REHABILITATION
_cVOORHIS.P.V
942 _2udc
_cBK
999 _c12632
_d12632